00621 2200169 4500245007500000020002200075250001100097100001600108650004300124005001900167260004200186041001400228084001100242300002300253500016600276336000900442 aThe Cronicles of Narnia b : Kuda dan Anak ManusiacLewis, C. ShText a978-979-22-1629-5 aCet. 1 aLewis, C. S aFiksi Inggris (dalam Bahasa Indonesia) a20231002080455 aJakartabGramedia Pustaka Utamac2010 aIndonesia a808.83 a312 hlm. :c18 cm. aDalam perjalanan penuh tantangan empat pelarian bertemu dan bergabung meski awalnya mereka hanya berusaha membebaskan diri dari kehidupan yang kejam dan menekan. atext